LEADER 01064cam0-2200349---450- 001 990005822840403321 005 20140924125808.0 010 $a84-249-1462-7 035 $a000582284 035 $aFED01000582284 035 $a(Aleph)000582284FED01 035 $a000582284 100 $a19990604d1991----km-y0itay50------ba 101 0 $aspa 102 $aES 105 $ay-------001yy 200 1 $aDichos de los siete sabios de Grecia$esentencias morales en verso$fedición, estudio y materiales por Alvaro Galmés de Fuentes 210 $aMadrid$cGredos$d1991 215 $a182 p.$d22 cm 225 1 $aColección de literatura española Aljamiado-Morisca$v8 225 1 $aLiteratura gnómica 610 0 $aProverbi spagnoli 676 $a398.9 676 $a861.008 702 1$aGalmés de Fuentes,$bAlvaro$f<1924-2003> 801 0$aIT$bUNINA$gRICA$2UNIMARC 901 $aBK 912 $a990005822840403321 952 $a398.9 GAL 1$bDip.f.m.5719$fFLFBC 959 $aFLFBC 996 $aDichos de los siete sabios de Grecia$9567411 997 $aUNINA LEADER 01527nam--2200445---450- 001 990000796420203316 005 20090422091127.0 010 $a88-14-01938-X 035 $a0079642 035 $aUSA010079642 035 $a(ALEPH)000079642USA01 035 $a0079642 100 $a20011210d1989----km-y0itay0103----ba 101 $aita 102 $aIT 105 $a||||||||001yy 200 1 $apotere e oligarchie$eorganizzazione del partito ed ideologia socialista, 1990-1910$fRoberto Michelis$gantologia a cura e con introduzione di Ettore A. Albertoni$eapparato bio-biografica e traduzioni di Viviana Ravasi 210 $aMilano$cGiuffré$d1989 215 $aXI, 549 p.$c1 ritr.$d24 cm 225 2 $aArcana Imperi$v22 410 $12001$aArcana Imperi$v22 461 1$1001-------$12001 606 0 $aPartito socialdemocratico tedesco$z1900-1910 676 $a324.243072 700 1$aMICHELS,$bRoberto$0119416 702 1$aALBERTONI,$bEttore A. 702 1$aRAVASI,$bViviana 801 0$aIT$bsalbc$gISBD 912 $a990000796420203316 951 $a324.24 MIC 1 (IX A COLL 33/22)$b132286 LM$cIX A COLL$d00202676 951 $aIX A COLL 33/22 BIS$b132287 LM$cIX A COLL 951 $aIX A COLL 33/22 A$b132288 LM$cIX A COLL 959 $aBK 969 $aUMA 979 $aPATTY$b90$c20011210$lUSA01$h1025 979 $c20020403$lUSA01$h1726 979 $aPATRY$b90$c20040406$lUSA01$h1655 979 $aRSIAV4$b90$c20090422$lUSA01$h0911 996 $aPotere e oligarchie$9689831 997 $aUNISA LEADER 02068nam 22005773u 450 001 9910455955803321 005 20210114062953.0 010 $a1-280-92294-X 010 $a9786610922949 010 $a0-9771455-1-4 010 $a0-585-43859-5 035 $a(CKB)111056487029182 035 $a(EBL)225705 035 $a(OCoLC)437144542 035 $a(SSID)ssj0000238160 035 $a(PQKBManifestationID)12048276 035 $a(PQKBTitleCode)TC0000238160 035 $a(PQKBWorkID)10221990 035 $a(PQKB)10335840 035 $a(SSID)ssj0000081935 035 $a(PQKBManifestationID)11110767 035 $a(PQKBTitleCode)TC0000081935 035 $a(PQKBWorkID)10134567 035 $a(PQKB)10992671 035 $a(MiAaPQ)EBC225705 035 $a(EXLCZ)99111056487029182 100 $a20130418d2003|||| u|| | 101 0 $aeng 135 $aur|n|---||||| 181 $ctxt 182 $cc 183 $acr 200 10$aStrauss's SALOME$b[electronic resource] 210 $aMiami $cOpera Journeys Publishing$d2003 215 $a1 online resource (96 p.) 300 $aDescription based upon print version of record. 311 $a1-930841-80-9 327 $aSalome/Opera Classics Library Series; Title Page; Contents; a prelude; Provenance; Principal Characters in Salome; Brief Story Synopsis; Story Narrative with Music Highlight Examples; Commentary and Analysis; Libretto; Discography; Videography; Dictionary of Opera and Musical Terms 330 $aA comprehensive guide to Richard Strauss's SALOME, featuring insightful and in depth Commentary and Analysis, a complete, newly translated Libretto with German/English side-by side, and over 25 music highlight examples. 606 $aStrauss, Richard 608 $aElectronic books. 615 4$aStrauss, Richard. 676 $a782.1/0268 700 $aFisher$b Burton D$0849438 801 0$bAU-PeEL 801 1$bAU-PeEL 801 2$bAU-PeEL 906 $aBOOK 912 $a9910455955803321 996 $aStrauss's SALOME$92026935 997 $aUNINA LEADER 01101nam 2200385 450 001 9910463384803321 005 20170822143301.0 010 $a2-296-82789-6 010 $a2-296-47598-1 035 $a(CKB)3230000000227939 035 $a(MiAaPQ)EBC6150333 035 $a(EXLCZ)993230000000227939 100 $a20200702d2011 uy 0 101 0 $afre 135 $aurcnu|||||||| 181 $ctxt$2rdacontent 182 $cc$2rdamedia 183 $acr$2rdacarrier 200 10$aCyprian Norwid et la pense?e de l'Empire du Milieu /$fChristophe Jezewski 210 1$aParis :$cL'Harmattan,$d[2011] 210 4$d©2011 215 $a1 online resource (164 pages) 225 1 $aCritiques litte?raires 311 $a2-296-56863-7 410 0$aCritiques litte?raires. 608 $aElectronic books. 676 $a891.8516 700 $aJez?ewski$b Krzysztof A.$0986644 801 0$bMiAaPQ 801 1$bMiAaPQ 801 2$bMiAaPQ 906 $aBOOK 912 $a9910463384803321 996 $aCyprian Norwid et la pense?e de l'Empire du Milieu$92254983 997 $aUNINA LEADER 01238oam 2200397 450 001 9910707029603321 005 20160503163405.0 035 $a(CKB)5470000002461194 035 $a(OCoLC)945666075 035 $a(OCoLC)995470000002461194 035 $a(EXLCZ)995470000002461194 100 $a20160329d2011 ua 0 101 0 $aeng 135 $aurmn||||||||| 181 $2rdacontent 182 $2rdamedia 183 $2rdacarrier 200 10$aAdverse events in hospitals$eMedicare's responses to alleged serious incidents 210 1$aWashington, DC :$cDepartment of Health and Human Services, Office of Inspector General,$d2011. 215 $a1 online resource (iii, 43 pages) $cillustrations 300 $aTitle from title screen (viewed Mar. 29, 2016). 300 $a"October 2011." 300 $a"OEI-01-08-00590." 320 $aIncludes bibliographical references. 517 $aAdverse events in hospitals 606 $aMedical errors$zUnited States 606 $aMedicare 615 0$aMedical errors 615 0$aMedicare. 801 0$bGPO 801 1$bGPO 801 2$bGPO 906 $aBOOK 912 $a9910707029603321 996 $aAdverse events in hospitals$93466979 997 $aUNINA LEADER 03519oam 2200757I 450 001 9910784684203321 005 20230801220214.0 010 $a1-134-37096-2 010 $a1-134-37097-0 010 $a1-280-10538-0 010 $a0-203-02286-6 024 7 $a10.4324/9780203022863 035 $a(CKB)1000000000360167 035 $a(EBL)214723 035 $a(OCoLC)299059222 035 $a(SSID)ssj0000105322 035 $a(PQKBManifestationID)11133665 035 $a(PQKBTitleCode)TC0000105322 035 $a(PQKBWorkID)10086816 035 $a(PQKB)10123856 035 $a(SSID)ssj0000375349 035 $a(PQKBManifestationID)11257118 035 $a(PQKBTitleCode)TC0000375349 035 $a(PQKBWorkID)10474443 035 $a(PQKB)11361097 035 $a(MiAaPQ)EBC214723 035 $a(Au-PeEL)EBL214723 035 $a(CaPaEBR)ebr10162192 035 $a(CaONFJC)MIL10538 035 $a(OCoLC)57584866 035 $a(OCoLC)900234869 035 $a(EXLCZ)991000000000360167 100 $a20180706d2012 uy 0 101 0 $aeng 135 $aur|n|---||||| 181 $ctxt 182 $cc 183 $acr 200 00$aArchitecture and participation /$fedited by Peter Blundell Jones, Doina Petrescu, Jeremy Till 210 1$aLondon ;$aNew York :$cRoutledge,$d2012. 215 $a1 online resource (333 p.) 300 $aDescription based upon print version of record. 311 $a0-415-31745-2 311 $a0-415-31746-0 320 $aIncludes bibliographical references and index. 327 $aBook Cover; Half-Title; Title; Copyright; Contents; Contributors; Introduction; Politics of Participation; 1 Architecture's Public; 2 The Negotiation of Hope; 3 Losing Control, Keeping Desire; 4 Mass Housing Cannot be Sustained; 5 Reinventing Public Participation: Planning in the Age of Consensus; 6 How Inhabitants can become Collective Developers: France 1968?2000; 7 City/democracy: Retrieving Citizenship; Histories of Participation; 8 Sixty-eight and After; 9 Fragments of Participation in Architecture, 1963?2000: Graz and Berlin; 10 Notes on Participation; 11 Kemal Ozcul's Acceptance Speech 327 $a12 Ozcul Postscript: The Gelsenkirchen School as BuiltPractices of Participation; 13 Animal Town Planning and Homeopathic Architecture; 14 What if?...A Narrative Process for Re-imagining the City; 15 Politics Beyond the White Cube; 16 Rights of Common: Ownership, Participation, Risk; 17 We Need Artists' Ways of Doing Things: A Critical Analysis of the Role of the Artist in Regeneration Practice; 18 Stalker and the Big G 330 $aExplores ways in which users may be involved in the design of their future environment. Contributors provide both theoretical approaches and concrete outcomes. The issue of participation has recently assumed great political importance. This book 517 3 $aArchitecture & participation 606 $aArchitecture$xHuman factors 606 $aArchitects and community 606 $aCommunication in architecture 615 0$aArchitecture$xHuman factors. 615 0$aArchitects and community. 615 0$aCommunication in architecture. 676 $a720.103 701 $aBlundell-Jones$b Peter$0441586 701 $aPetrescu$b Doina$01540300 701 $aTill$b Jeremy$01540301 801 0$bMiAaPQ 801 1$bMiAaPQ 801 2$bMiAaPQ 906 $aBOOK 912 $a9910784684203321 996 $aArchitecture and participation$93791856 997 $aUNINA